LEADER 01543nam a2200325 4500 001 000000345650 003 CaOOAMICUS 005 20251204093220.0 008 210429s2012 it 000 u mul r 040 $aSeMil$bita 100 0 $aThucydides,$d.$0(OLS)http://semarc/name/89096 240 10$aDe bello Peloponnesiaco. Libro 1.$0(OLS)http://semarc/title/434797 245 13$aLa guerra del Peloponneso :$blibro 1. /$cTucidide ; traduzione a cura di Franco Ferrari ; note di Giovanna Daverio Rocchi ; prefazione di Sergio Romano. 250 $aEd. speciale per Corriere della Sera 264 1$aMilano :$bBUR :$bCorriere della Sera,$c2012. 300 $aVII, 227 p. ;$c19 cm 490 1 $aI classici del pensiero libero. Greci e latini ;$v12 546 $aTesto greco a fronte 700 1 $aFerrari, Franco,$d<1946- >.$0(OLS)http://semarc/name/3980 700 1 $aDaverio Rocchi, Giovanna.$0(OLS)http://semarc/name/5209 700 1 $aRomano, Sergio,$d<1929- >.$0(OLS)http://semarc/name/5465 830 2$aI classici del pensiero libero. Greci e latini ;$v12.$0(OLS)http://semarc/title/434764 850 $aSeMil 852 $aSeMil$W1$xVenegono$y1$m1X I 271$j257005$B236709$CSeMilBibl$Z2$F236709 $81 900 0 $aTucidide. 961 $aMagni don Walter - Omaggio 996 $6245$aLa guerra del Peloponneso :$blibro 1.$9(OLS)http://semarc/title/434798 996 $6264$aMilano :$bBUR :$bCorriere della Sera$9(OLS)http://semarc/publisher/59732 LEADER 01401nam a2200301 i 4500 001 000000096729 003 CaOOAMICUS 005 20041117000000.0 008 041117s2002 it u000 u ita u 013 $a68971 020 $a88-424-9805-X 040 $aSeMil$bita 240 10$aVom Menschen. Handbuch historische anthropologie.$0(OLS)http://semarc/title/119553 245 10$aCosmo, corpo, cultura :$benciclopedia antropologica /$ca cura di Christoph Wulf ; edizione italiana a cura di Andrea Borsari ; prefazione di Remo Bodei. 260 $aMilano :$bBruno Mondadori,$ccopyr. 2002. 300 $aXXV, 1173 p. ;$c23 cm. 490 0 $aSintesi 650 4$aAntropologia culturale - Enciclopedie e dizionari.$0(OLS)http://semarc/subject/15030 700 1 $aWulf, Christoph.$0(OLS)http://semarc/name/36591 700 1 $aBodei, Remo,$d<1938-2019>.$0(OLS)http://semarc/name/6454 700 1 $aBorsari, Andrea.$0(OLS)http://semarc/name/5957 830 0$aSintesi.$0(OLS)http://semarc/title/5980 850 $aSeMil 852 $aSeMil$W1$xVenegono$y1$mSL1.N VI 9$j56217$B56217$CSeMilBibl$Z2$F64330 $8I 961 $aAcquisto: Àncora (Libreria) 996 $6020$a88-424-9805-X$9(OLS)http://semarc/number/53750 996 $6245$aCosmo, corpo, cultura :$benciclopedia antropologica$9(OLS)http://semarc/title/119552 996 $6260$aMilano :$bBruno Mondadori$9(OLS)http://semarc/publisher/31202